00961nam a22002297a 4500003000900000005001700009008004100026020001800067040002500085082001400110245010100124260003300225300003000258500016000288590002700448700003100475710006900506910001400575942001300589952011200602999001700714DO-SdBNP20250221073755.0100407s2016 dr d 000 0 spa d a9789945901276 aDO-SdBNPbspacBNPHU axxxbxxxx00aPerfiles estadísticos provinciales : bprovincia La Altagracia /cpresentación Pablo Tactuk. aSanto Domingo :bONE,c2016. a31 p. :bdiagr. ;c28 cm. aEsta publicación cuenta con el apoyo del Fondo de las Naciones Unidas para la infancia (UNICEF) y el Fondo de Población de las Naciones Unidas (UNFPA). aInventariado, 2022/ YL aTactuk, Pabloepres.957741 aRepública Dominicana.bOficina Nacional de Estadística95775 aYLockward 2ddccLF1 00102ddc53708MOaBNPHUbBNPHUcCTd2019-12-13eONEl0oxxx xxxxp2022-1465r2022-04-20w2022-04-20yLF1 c51550d51550